| 000 | 01449nam0a22003251 4500 | ||
|---|---|---|---|
| 001 | rc\4686322 | ||
| 005 | 20130416205928.1 | ||
| 021 |
_aRU _b[59-2568] |
||
| 035 | _a(NLR Aleph) 008710919 | ||
| 090 |
_a9357656 _c9357656 |
||
| 100 | _a20130416d1958 |||y0rusy50 ca | ||
| 101 | 0 | _arus | |
| 102 | _aRU | ||
| 105 | _aab z ||||| | ||
| 200 | 1 |
_aПочвоведение _e[Для агр. фак. с.-х. ин-тов] _fПод общ. ред. проф. К.П. Горшенина, лауреата Ленинской премии |
|
| 210 |
_aМосква _cСельхозгиз _d1958 |
||
| 215 |
_a439 с. _cил., карт. _d23 |
||
| 225 | 1 | _aУчебники и учебные пособия для высших сельскохозяйственных учебных заведений | |
| 300 | _aПеред загл. авт.: Л.Н. Александрова, И.Н. Антипов-Каратаев, И.Ф. Гаркуша и др. | ||
| 320 | _aБиблиогр.: с. 424-428 | ||
| 606 |
_aПочвоведение _jУчебники и пособия _2psbo |
||
| 701 | 1 |
_aАнтипов-Каратаев _bИ. Н. |
|
| 701 | 1 |
_aАлександрова _bЛ. Н. _gЛюдмила Николаевна |
|
| 701 | 1 |
_aГаркуша _bИ. Ф. |
|
| 702 | 1 |
_aГоршенин _bК. П. _gКонстантин Павлович _4340 |
|
| 801 | 0 |
_aRU _bNLR _gpsbo |
|
| 801 | 1 |
_aRU _bELAR _2rusmarc |
|
| 852 |
_aNLR _j59-5/578 |
||
| 942 | _cBOOK | ||
| 980 | _aNB | ||